000 00735cam a22002413a 4500
001 26046
003 PGUSA
005 20140828083548.0
008 080712s2008||||xxu|||||s|||||000 | eng d
040 _aPGUSA
_beng
042 _adc
050 4 _aQL
100 1 _aBurroughs, John,
_d1837-1921
245 1 0 _aBird Stories from Burroughs :
_bSketches of Bird Life Taken from the Works of John Burroughs
_h[electronic resource] /
_cJohn Burroughs
260 _bProject Gutenberg,
_c2008
506 _aPublic domain in the USA.
516 _aElectronic text
653 _aBirds
700 1 _aFuertes, Louis Agassiz,
_d1874-1927
830 0 _aProject Gutenberg
_v26046
856 4 0 _uhttp://www.gutenberg.org/ebooks/26046
942 _cEB
999 _c255301
_d255301